| 000 | 00335nam a2200133Ia 4500 | ||
|---|---|---|---|
| 005 | 20251222141909.0 | ||
| 008 | 251222s9999||||xx |||||||||||||| ||spa|| | ||
| 020 | _a9972-618-78-1 | ||
| 082 | _a370.6/C94/Ej.2 | ||
| 100 | _aCuba Marmanillo, Severo | ||
| 245 | 0 | _aCon el Amor y el Color de la Tierra: ll | |
| 264 | _bTarea | ||
| 942 | _cLIB | ||
| 999 |
_c8331 _d8331 |
||